Nación y sociedad en la historia del Perú /
Gardado en:
| Autor Principal: | |
|---|---|
| Formato: | Libro |
| Idioma: | Lingua castelá |
| Publicado: |
Lima, Perú :
Instituto de Estudios Peruanos,
2004, c2004
|
| Series: | (Estudios Históricos ;
36) |
| Temas: | |
| Etiquetas: |
Sen Etiquetas, Sexa o primeiro en etiquetar este rexistro!
|
MARC
| LEADER | 00000nam^a2200000^a^4500 | ||
|---|---|---|---|
| 001 | 000173245 | ||
| 005 | 20250521000000.0 | ||
| 009 | 20260310101448.505 | ||
| 022 | |a 9972-51-095-6 | ||
| 022 | |a 1019-4533 | ||
| 037 | |a Acervo ITESO - Biblioteca | ||
| 041 | |a ESP | ||
| 082 | |a 985. 019 |b KLA | ||
| 100 | |a Klarén, Peter F. |e (autor) | ||
| 245 | 1 | 0 | |a Nación y sociedad en la historia del Perú / |c P.F. Klarén ; tr. por Javier Flores. |
| 264 | 4 | |a Lima, Perú : |b Instituto de Estudios Peruanos, |c 2004, c2004 | |
| 300 | |a 593 p. | ||
| 336 | |a texto |b txt |2 rdacontenido | ||
| 337 | |a sin mediación |b n |2 rdamedio | ||
| 338 | |a volumen |b nc |2 rdasoporte | ||
| 440 | 1 | |a (Estudios Históricos ; |v 36) | |
| 500 | |a Traducción de: Perú: Society and Nationhood in the Andes | ||
| 649 | |a XX | ||
| 650 | |a Perú - |x Historia - |y Epoca Prehispánica | ||
| 650 | |a Perú - |x Historia - |y Descubrimiento y Conquista, 1522-1542 | ||
| 650 | |a Perú - |x Historia - |y Guerra de Independencia, 1808-1824 | ||
| 650 | |a Perú - |x Historia - |y Epoca Colonial, 1542-1824 | ||
| 650 | |a Perú - |x Historia - |y 1824-1836 | ||
| 650 | |a Perú - |x Historia - |y 1839-1867 | ||
| 650 | |a Perú - |x Historia - |y 1867-1883 | ||
| 650 | |a Perú - |x Historia - |y Guerra del Pacífico, 1879-1884 | ||
| 650 | |a Perú - |x Historia - |y 1883-1895 | ||
| 650 | |a Perú - |x Historia - |y 1895-1933 | ||
| 650 | |a Perú - |x Historia - |y 1933-1968 | ||
| 650 | |a Perú - |x Historia - |y 1968-1975 | ||
| 650 | |a Perú - |x Historia - |y 1975-1980 | ||
| 650 | |a Perú - |x Historia - |y 1980-1985 | ||
| 650 | |a Perú - |x Historia - |y 1985-1990 | ||
| 650 | |a Perú - |x Historia - |y 1990-2000 | ||
| 650 | |a Perú - |x Historia - |y Siglo XIX | ||
| 650 | |a Perú - |x Historia - |y Siglo XX | ||
| 910 | |a Fondo General | ||
| 920 | |a Impresos - Libros | ||
| 930 | |a Colección General | ||
| 905 | |a 101 | ||
| 901 | |a 0500110969 |b IT1 |c ACC |u 20250521 | ||
| 902 | |a https://opac.biblio.iteso.mx/vufind/Record/000173245 | ||